Taylor Swift - Paroles False God - Statistiques

Statistiques générales
  • Ce quiz a été pris 104 fois
  • Le résultat moyen est 274 sur 321
Statistiques - réponses
Hint Réponse % Correct
a
99%
false
99%
go
99%
god
99%
I
99%
the
99%
The
99%
Couplet 1 We
99%
we
99%
you?
99%
you
99%
you,
99%
You
99%
to
97%
it
94%
that
94%
were
94%
we're
94%
get
93%
it's
93%
when
93%
your
93%
love
92%
love,
92%
still
92%
Outro Still
92%
this
92%
with
92%
away
90%
can
90%
for
90%
In
90%
in
90%
is
90%
might
90%
you're
90%
You're
90%
can't
89%
do
89%
if
89%
like
89%
think
89%
Pré-refrain And
87%
and
87%
babe
87%
crazy
87%
Crazy
87%
Even
87%
I'd
87%
I'm
87%
just
87%
worship
87%
Refrain But
86%
could
86%
die
86%
me
86%
me,
86%
my
86%
New
85%
said
85%
talk
85%
York
85%
City
83%
hips
83%
how
82%
We'd
82%
jump
80%
Remember
80%
us
80%
favorite
79%
stupid
79%
times
79%
lips
77%
not
77%
They
76%
about
75%
altar
75%
ocean
75%
you're
75%
town
73%
Village
73%
West
73%
all
72%
say
72%
so
72%
work
72%
lost
70%
blind
69%
Blind
69%
by
69%
fight
69%
Honey
69%
Religion's
69%
know
68%
there
68%
touch
68%
warned
68%
good
66%
hell
66%
thing
66%
Staring
65%
faith
63%
gets
63%
heaven's
62%
window
62%
up
61%
ah
59%
separating
59%
patch
58%
road
58%
scare
58%
hard
56%
leave
56%
led
55%
out
55%
try
55%
Got
54%
Daring
51%
fly
49%
wine
49%
Make
46%
forgiveness
44%
begging
41%
confessions
37%
Aucun quiz correspondant
Distribution des résultats
% des personnes avec chaque résultat
Percentile par nombre de réponses
Votre historique - résultats
Vous n’avez pas pris ce quiz